000 00557nam a2200193 a 4500
005 20140310183151.0
008 021014s19uu xx 00 eng d
020 _a971082919x
050 _aHD 31
_b.B43 1980
100 _aBethel, Lawrence
245 _aIndustrial organization and management /
_cJames L. Riggs, Lawrence Bethel
260 _aNew York :
_bMcGraw-Hill,
_c1980.
300 _aviii, 610 p. :
_c22 cm.
521 _aBSBA
650 _aIndustrial organization
650 _aIndustrial management
942 _cBK
_2lcc
_kLOC
999 _c19659
_d19659